Statistics for Diplomatic Missions of Dominica

Click here to take the quiz!

General Stats

  • This quiz has been taken 25 times
  • The average score is 14 of 18

Answer Stats

MissionsAnswer% Correct
CountryUnited Kingdom
100%
CountryUnited States
100%
CountryBelgium
94%
MissionBrussels
94%
EmbassyBrussels
94%
High CommissionLondon
94%
ConsulateNew York City
94%
Permanent MissionNew York City
94%
EmbassyWashington D.C.
94%
Permanent MissionWashington D.C.
94%
EmbassyBeijing
89%
CountryChina
89%
CountryCuba
67%
EmbassyHavana
67%
EmbassyAbu Dhabi
56%
CountryUnited Arab Emirates
56%
CountryMorocco
33%
EmbassyRabat
33%

Score Distribution

Percentile by Number Answered

Percent of People with Each Score

Your Score History

You have not taken this quiz